Radiography essentials for limited practice / (Record no. 170613)

MARC details
000 -LEADER
fixed length control field 01625cam a2200325 i 4500
001 - CONTROL NUMBER
control field 946103913
003 - CONTROL NUMBER IDENTIFIER
control field OCoLC
005 - DATE AND TIME OF LATEST TRANSACTION
control field 20240802104651.0
008 - FIXED-LENGTH DATA ELEMENTS--GENERAL INFORMATION
fixed length control field 160330t20172017moua b 001 0 eng
020 ## - INTERNATIONAL STANDARD BOOK NUMBER
International Standard Book Number 9780323356237 (paperback)
Qualifying information alkaline paper
020 ## - INTERNATIONAL STANDARD BOOK NUMBER
International Standard Book Number 0323356230 (paperback
Qualifying information alkaline paper
040 ## - CATALOGING SOURCE
Original cataloging agency NUST
Language of cataloging eng
Description conventions rda
Transcribing agency NUST
Modifying agency NUST
050 10 - LIBRARY OF CONGRESS CALL NUMBER
Classification number RC78 LON
100 1# - MAIN ENTRY--PERSONAL NAME
Personal name Long, Bruce W.,
Relator term Author.
245 10 - TITLE STATEMENT
Title Radiography essentials for limited practice /
Statement of responsibility, etc. Bruce W. Long, MA, RT(R)(CV), FASRT, FAEIRS, Director and Associate Professor, Radiologic and Imaging Sciences Programs, Indiana University School of Medicine, Indianapolis, Indiana, Eugene D. Frank, MA, RT(R), FASRT, FAEIRS, Associate Professor Emeritus, Mayor Clinic College of Medicine, Rochester, Minnesota, Ruth Ann Ehrlich, RT(R), Retired, Radiology Faculty, University of Western States, Portland, Oregon, Adjunct Faculty, Portland Community College, Portland, Oregon
250 ## - EDITION STATEMENT
Edition statement Fifth edition
260 ## - PUBLICATION, DISTRIBUTION, ETC.
Place of publication, distribution, etc. St Louis :
Name of publisher, distributor, etc. Elsevier,
Date of publication, distribution, etc. ©2017.
300 ## - PHYSICAL DESCRIPTION
Extent xi, 643 pages :
Other physical details illustrations ;
Dimensions 28 cm
336 ## - CONTENT TYPE
Content type term text
Content type code txt
Source rdacontent
337 ## - MEDIA TYPE
Media type term unmediated
Media type code n
Source rdamedia
338 ## - CARRIER TYPE
Carrier type term volume
Carrier type code nc
Source rdacarrier
504 ## - BIBLIOGRAPHY, ETC. NOTE
Bibliography, etc. note Includes bibliographical references and index.
650 #0 - SUBJECT ADDED ENTRY--TOPICAL TERM
Topical term or geographic name entry element Radiography, Medical.
650 12 - SUBJECT ADDED ENTRY--TOPICAL TERM
Topical term or geographic name entry element Radiography
General subdivision methods.
650 22 - SUBJECT ADDED ENTRY--TOPICAL TERM
Topical term or geographic name entry element Technology, Radiologic.
Authority record control number or standard number (DNLM)D013679.
-- https://id.nlm.nih.gov/mesh/D013679
650 22 - SUBJECT ADDED ENTRY--TOPICAL TERM
Topical term or geographic name entry element Allied Health Personnel.
700 1# - ADDED ENTRY--PERSONAL NAME
Personal name Frank, Eugene D.,
Relator term Author.
700 1# - ADDED ENTRY--PERSONAL NAME
Personal name Ehrlich, Ruth Ann,
Dates associated with a name 1938-
Relator term Author.
942 ## - ADDED ENTRY ELEMENTS (KOHA)
Source of classification or shelving scheme Library of Congress Classification
Koha item type Ordinary Loan Books
Edition Fifth edition
Classification part RC78
Call number prefix RC
Call number suffix LON
Suppress in OPAC No
Holdings
Withdrawn status Lost status Source of classification or shelving scheme Damaged status Not for loan Collection Home library Current library Shelving location Date acquired Source of acquisition Cost, normal purchase price Total Checkouts Full call number Barcode Date last seen Accession number Cost, replacement price Price effective from Koha item type Public note
    LCC     NFIC MAIN MAIN GEN 07/30/2024 Book Aid International 107.00   RC78 LON 92004053935 07/30/2024 60760 107.00 07/30/2024 BOOKS Donation
    LCC     NFIC Main Main Gen 05/11/2023 Book Aid International 107.00   RC78 LON 92004052901 11/29/2023 60125 107.00 05/11/2023 BOOKS Donation
    LCC     NFIC Main Main Gen 05/11/2023 Book Aid International 107.00   RC78 LON 92004052811 11/29/2023 60126 107.00 05/11/2023 BOOKS Donation
    LCC     NFIC Main Main Gen 05/11/2023 Book Aid International 107.00   RC78 LON 92004053060 11/29/2023 60124 107.00 05/11/2023 BOOKS Donation